ნორმალური ფორმატი
MARC ფორმატი
ჩანაწერი Corporate Name
ჩანაწერთა რაოდენობა, რომელიც გამოყენებულია: 1
001 - CONTROL NUMBER
- control field: 13662
003 - CONTROL NUMBER IDENTIFIER
- control field: GE_BSU
005 - DATE AND TIME OF LATEST TRANSACTION
- control field: 20220411122024.0
008 - FIXED-LENGTH DATA ELEMENTS
- fixed length control field: 220411|| aca||aabn | a|a d
040 ## - CATALOGING SOURCE
- Original cataloging agency: GE_BSU
- Transcribing agency: GE_BSU
110 ## - HEADING--CORPORATE NAME
- Corporate name or jurisdiction name as entry element: თბილ. ეკონ. ურთიერთობათა სახელმწ. უნ-ტი
670 ## - SOURCE DATA FOUND
- Source citation: Work cat.: (GE_BSU): შურღაია, ომარ 13660, მცირე ბიზნესის საფუძვლები : თეორია, პრაქტიკა, გამოცდილება, საკანონმდებლო ბაზა :
